01801naa a2200229 i 45000010005000000030009000050050017000140080039000310400021000700800011000911000144001022450123002462460076003695000021004455200555004666500015010216500025010366550030010617000138010917110070012297730272012996327KOSZ 00520180116094026.0150316s2003 pl f |100 0 pol cBPKdKOSZ 005/EG a629.331 aKRZYŻYŃSKI, Tomasz.d1997 - .bPolitechnika Koszalińska - Wydział Mechaniczny,cKatedra Mechaniki Precyzyjnej - Zakład Mechatroniki10aSimulation of simultaneous control of vehicle motion and monitoring of wear /cKurt Frischmuth, Tomasz Krzyżyński.30aSymulacja jednoczesnej kontroli ruchu pojazdu i monitorowania zużycia aDane z autopsji. aPraca dotyczy problemu zużycia opon pojazdu kołowego w trakcie eksploatacji. Zakładamy iż pojazd ma pokonywać wielokrotnie zadaną trasę. Informacje o aktualnej pozycji i prędkości razem z informacją o dalszym przebiegu trasy przetwarzane są w wielkości sterujące pojazdem, jak na przykład ustawienie kół przednich i moment napędowy. Tor pojazdu zależy od stanu opon - który się zmienia w trakcie eksploatacji. Na podstawie danych pozycyjnych, prędkościowych i sterowania obliczane są aktualne parametry opon. 0aSymulacja. 0aPojazdy mechaniczne. 0aMateriały konferencyjne.1 aFRISCHMUTH, Kurt.d2001 - .bPolitechnika Koszalińska - Wydział Mechaniczny,cKatedra Mechaniki Precyzyjnej - Zakład Mechatroniki22aWarsztaty Naukowe PTSKn(9 ;d2002 ;cKoszalin - Osieki, Polska).0 iW :tSymulacja w badaniach i rozwoju : zbiór referatów IX Warsztatów Naukowych PTSK, Koszalin - Osieki, 28-31 sierpnia 2002 / pod redakcją Tomasza Krzyżyńskiego i Andrzeja Tylikowskiego. -dKoszalin : Wydaw. Politechniki Koszalińskiej, 2003. -gs. 76-83